Список членов ЦИКС Союзного Совета

Доступно только в Электронных читальных залах Найти на картеНа карте
RUSMARC
00004236nmc2a22002893x 450
001668243a9-d4e8-4527-a998-5256981ec8ad
00520210716202558.0
100##$a20210612u k y0rusy50 ca
1010#$arus
102##$aRU
105##$aa z |||||
2001#$aСписок членов ЦИКС Союзного Совета
$j19--
215##$a31 лист
$cтабл.
251##$cДело
300##$aЗаголовок дела на папке: VII съезд Советов СССР. Список членов ЦИКС Союзного Совета
300##$aНа папке дела: 1935 г.
300##$aМашинописный текст
330##$aВходит в раздел описи: VII-й Съезд Советов
461#0$1001796d4672-8a00-4986-b488-6e42273792cc
$12001
$aЦЕНТРАЛЬНЫЙ ИСПОЛНИТЕЛЬНЫЙ КОМИТЕТ СССР (ЦИК СССР)
$1251
$cФонд
$1852
$j3316
$gР
462#0$10012246e4af-064a-4b66-b386-cae0ddb7fb2d
$12001
$aДела 7-го Съезда Советов и 1-й, 2-й, 3-й, 4-й Сессий 7-го созыва. 1935-1937 гг.
$vД. 82
$1251
$cОпись
$1852
$j7
5171#$aVII съезд Советов СССР. Список членов ЦИКС Союзного Совета
60101$3RU\NLR\AUTH\880357276
$aСССР
$bЦИК
6011|$3RU\NLR\AUTH\661048804
$aСССР. Съезд советов 7-й
60101$3RU\NLR\AUTH\880399260
$aСССР
$bЦентральный исполнительный комитет
$bСоюзный Совет
801#0$aRU
$bGA_RF
801#1$aRU
$bГлавНИВЦ
$c20210612
$2rusmarc
801#2$aRU
$bПБ им. Б.Н. Ельцина
$c20210716
$gRCR
$2rusmarc
852##$aГА РФ
$j82
937##$d166312286
$hГАРФ
035##$aRuPRLIB51060541
856##$uhttp://readingroom.main.prlib.ru/item.aspx?id_node=n166312286&mode=full
Формат отображения